Global Chokepoints - Statistics

General Stats
  • This quiz has been taken 55 times
  • The average score is 8 of 14
Answer Stats
Bodies of water Chokepoint % Correct
Caribbean Sea - Pacific Ocean Panama Canal
95%
Mediterranean Sea - Gulf of Suez Suez Canal
95%
Black Sea - Sea of Marmara Bosphorus Strait
65%
Atlantic Ocean - Alboran Sea Strait of Gibraltar
63%
Arctic Ocean - Pacific Ocean Bering Strait
60%
Atlantic Ocean - Indian Ocean Cape of Good Hope
58%
Persian Gulf - Gulf of Oman Strait of Hormuz
58%
Indian Ocean - South China Sea Strait of Malacca
55%
Pacific Ocean - Atlantic Ocean Strait of Magellan
53%
Sea of Marmara - Aegean Sea The Dardanelles
48%
English Channel - North Sea Dover Strait
45%
Gulf of Aden - Red Sea Bab-el-Mandeb
28%
Coral Sea - Arafura Sea Torres Strait
28%
North Sea - Baltic Sea - Skaggerak - Kattegat Danish Straits
23%
No matching quizzes found
Score Distribution
Percent of People with Each Score
Percentile by Number Answered
Your Score History
You have not taken this quiz